Statistics for Sri Lanka Country Quiz

Click here to take the quiz!

General Stats

  • This quiz has been taken 8,961 times
    (8,854 since last reset)
  • The average score is 12 of 17

Answer Stats

ClueAnswer% Correct
Most popular sportCricket
94%
Country from which Sri Lanka gained
its independence in 1948
United Kingdom
94%
Most common religionBuddhism
92%
Most populous cityColombo
88%
Bay to Sri Lanka's northeastBay of {Bengal}
87%
In 1960, Sirimavo Bandaranaike
became the world's first _____
Prime Minister
Female
85%
Official languagesTamil
79%
Colonial name of Sri LankaCeylon
75%
Animal on the flagLion
75%
Leafy product that constitutes 7%
of Sri Lanka's exports
Tea
74%
Capital citySri
Jayawardenepura
Kotte
70%
Currency of Sri LankaRupee
70%
In 2016, Sri Lanka was certified to
be free from this illness
Malaria
49%
Meaning of the word "Lanka"Island
47%
Official languagesSinhalese
40%
This "sweet" city is the largest
in central Sri Lanka
Kandy
36%
Chain of island and shallow waters
connecting India and Sri Lanka
{Adam}'s Bridge
21%

Score Distribution

Percentile by Number Answered

Percent of People with Each Score

Your Score History

You have not taken this quiz since the last reset